[Event "Fide Open"]
[Site "Voronezh"]
[Date "2018.06.12"]
[Round "1.1"]
[White "Sobina, Pavel"]
[Black "Slastikhin, Vladislav"]
[Result "0-1"]
[WhiteElo "2199"]
[BlackElo "1846"]
[Annotator ""]
[Source ""]
[Remark ""]

1.d4 d5 2.c4 e6 3.Nc3 Nf6 4.Bg5 Be7 5.e3 O-O 6.Nf3 h6 7.Bh4 c5 8.cxd5
Nxd5 9.Bxe7 Qxe7 10.Nxd5 exd5 11.dxc5 Qxc5 12.Be2 Nc6 13.O-O Rd8 
14.Rc1 Qb4 15.b3 Bf5 16.Nd4 Nxd4 17.Qxd4 Qxd4 18.exd4 Rac8 19.Bf3 Be6 
20.Rfe1 b6 21.g4 a5 22.Kg2 g5 23.Kg3 Kg7 24.h4 a4 25.Bg2 a3 26.f4 gxf4+ 
27.Kxf4 Re8 28.Bf3 Kf6 29.g5+ hxg5+ 30.hxg5+ Kg7 31.b4 Rh8 32.Ke5 Rxc1 
33.Rxc1 Rh2 34.Bxd5 Bxd5 35.Kxd5 Rxa2 36.Rc3 Ra1 37.Kd6 Rd1 38.Rxa3 Rxd4+
39.Ke5 Rxb4 40.Ra7 Kg6 41.Rb7 Rb5+ 42.Kf4 Rf5+ 43.Ke4 b5 44.Rb8
Rxg5 45.Rb6+ f6 46.Kf4 Rc5 47.Ke4 Kg5 48.Rb8 Kg4 49.Rg8+ Rg5
50.Rf8 f5+ 51.Ke3 Kg3 52.Ke2 f4 53.Re8 Kg2 54.Rf8 Re5+ 55.Kd3
f3 56.Rg8+ Kf1 57.Rf8 f2 58.Kd2 Re7 59.Rf4 Rd7+ 60.Ke3 Ke1 61.Rb4
f1Q 0-1

[Event "Fide Open"]
[Site "Voronezh"]
[Date "2018.06.12"]
[Round "1.2"]
[White "Klevets, Ksenia"]
[Black "Provkin, Vladimir"]
[Result "1/2-1/2"]
[WhiteElo "1844"]
[BlackElo "2182"]
[Annotator ""]
[Source ""]
[Remark ""]

1.d4 Nf6 2.Bf4 g6 3.Nd2 d5 4.e3 Bg7 5.Ngf3 O-O 6.Bd3 Nbd7 7.h3 b6 
8.O-O Bb7 9.Ne5 c5 10.c3 Rc8 11.Qe2 Ne8 12.Ba6 Bxa6 13.Qxa6 Nxe5 14.dxe5 Qd7 
15.a4 Rc6 16.Rfd1 Re6 17.Nf3 Qc6 18.Ng5 Rxe5 19.Bxe5 Bxe5 20.Qb5 Qf6
21.Nf3 Nc7 22.Qd7 Bd6 23.Qg4 Qg7 24.e4 f5 25.exf5 Rxf5 26.h4
h5 27.Qh3 Ne6 28.g3 Qf6 29.Ng5 Nxg5 30.hxg5 Qxg5 31.Qg2 Kf7 32.Rd3
e6 33.Rf3 c4 34.Rxf5+ gxf5 35.f4 Qg4 36.Rf1 Bc5+ 37.Kh2 a6 38.Qf3
b5 39.axb5 axb5 40.Qxg4 fxg4 41.Ra1 b4 42.Re1 d4 43.cxb4 Bxb4
44.Rc1 c3 45.bxc3 dxc3 46.Kg2 e5 47.fxe5 Ke6 48.Kf2 Bc5+ 49.Ke2
Bd4 50.Rh1 Bxe5 51.Rxh5 Bxg3 52.Rg5 c2 53.Rc5 1/2-1/2

[Event "Fide Open"]
[Site "Voronezh"]
[Date "2018.06.12"]
[Round "1.3"]
[White "Novikov, Sergey D"]
[Black "Popov, Maksim"]
[Result "1-0"]
[WhiteElo "2180"]
[BlackElo "1831"]
[Annotator ""]
[Source ""]
[Remark ""]

1.d4 Nf6 2.c4 c5 3.d5 b5 4.cxb5 a6 5.bxa6 Bxa6 6.Nc3 g6 
7.e4 Bxf1 8.Kxf1 d6 9.g3 Bg7 10.Nf3 Nbd7 11.Kg2 O-O 12.Qe2 Ng4
13.Nd2 Ngf6 14.a4 e6 15.dxe6 fxe6 16.Nc4 Ra6 17.Rd1 d5 18.Ne3
Qa8 19.f3 Ne5 20.Nc2 Nxf3 21.exd5 Nxd5 22.Nxd5 exd5 23.Bf4 Nh4+
24.Kg1 d4 25.Ne1 Rb6 26.Rd2 Qd5 27.gxh4 Rxf4 28.Ng2 Re4 29.Qf3
Re1+ 30.Nxe1 Qd7 31.Qa8+ Kf7 32.Rf2+ Bf6 33.Nd3 Kg7 34.Raf1 c4
35.Ne5 Qc7 36.Ng4 1-0

[Event "Fide Open"]
[Site "Voronezh"]
[Date "2018.06.12"]
[Round "1.4"]
[White "Vasiljev, Ilya"]
[Black "Lukovnikov, Alexander"]
[Result "0-1"]
[WhiteElo "1816"]
[BlackElo "2153"]
[Annotator ""]
[Source ""]
[Remark ""]

1.e4 c5 2.Nf3 Nc6 3.d4 cxd4 4.Nxd4 Qb6 5.Nb3 Nf6 6.Bd3 e6
7.O-O Be7 8.Nc3 d6 9.Be3 Qc7 10.f4 b6 11.Qf3 Bb7 12.Qh3 Rd8
13.f5 exf5 14.Qxf5 Ne5 15.Bb5+ Bc6 16.Bxc6+  Qxc6 17.Bf4 O-O 
18.Rad1 Qc7 19.Kh1 Rde8 20.h3 a6 21.a4 b5 22.axb5
axb5 23.Bxe5 dxe5 24.Qf2 Qc4 25.Nd2 Qc6 26.Qe2 b4 27.Nd5 Qxc2
28.b3 Nxd5 29.exd5 Bg5 30.Qc4 Qxc4 31.Nxc4 e4 32.Rfe1 f5 33.g3
g6 34.d6 Bf6 35.Rd5 Bc3 36.Re2 Rd8 37.Ra2 Rf7 38.Nb6 Rb7 39.Ra8
Rxa8 40.Nxa8 e3 41.d7 Rxd7 42.Rxd7 e2 43.Re7 e1Q+ 44.Rxe1 Bxe1
45.Kg2 Kf7 46.Nc7 Bc3 47.Kf3 Be5 48.Nd5 Bd6 49.g4 fxg4+ 50.hxg4
Ke6 51.Ne3 Bc5 52.Nc2 Ke5 53.Ne1 Kd4 54.Kf4 Kc3 55.Kg5 Be3+ 56.Kf6
Kxb3 57.Nf3 Kc3 0-1

[Event "Fide Open"]
[Site "Voronezh"]
[Date "2018.06.12"]
[Round "1.5"]
[White "Manukovsky, Vladimir"]
[Black "Polukhin, Alexander"]
[Result "0-1"]
[WhiteElo "2146"]
[BlackElo "1809"]
[Annotator ""]
[Source ""]
[Remark ""]

1.e4 e6 2.d4 d5 3.Nd2 Nc6 4.Ngf3 Nf6 5.e5 Nd7 6.Nb3 f6
7.exf6 Qxf6 8.Bg5 Qf7 9.Bb5 Bd6 10.O-O O-O 11.Qe2 Nf6 12.Rae1 Ne4 
13.Bh4 Qh5 14.Bg3 Ne7 15.Bxd6 cxd6 16.Bd3 Nf6 17.c4 Ng6 18.Bxg6
Qxg6 19.c5 Nh5 20.Nh4 Qg5 21.g3 Nf4 22.Qe3 b6 23.Kh1 Qg4 24.cxd6
Ba6 25.f3 Qh5 26.Rg1 Rf6 27.Qe5 Qh6 28.d7 Nd3 29.Qc7 Nxe1 30.Rxe1
Rff8 31.Qd6 Bc4 32.Rxe6 Qg5 33.f4 Qg4 34.Re1 Rad8 35.f5 Qg5 36.Qe6+
Kh8 37.Re5 Qf6 38.Kg1 Qf7 39.Nd2 Qxd7 40.b3 Bd3 41.Ndf3 Bxf5
42.Qxd7 Bxd7 43.Kf2 Bg4 44.Ke3 Rc8 45.Ng5 Rce8 0-1

[Event "Fide Open"]
[Site "Voronezh"]
[Date "2018.06.12"]
[Round "1.6"]
[White "Tatarinova, Elena"]
[Black "Peschansky, Mikhail"]
[Result "0-1"]
[WhiteElo "1797"]
[BlackElo "2137"]
[Annotator ""]
[Source ""]
[Remark ""]

1.c4 e5 2.Nc3 Nc6 3.g3 g6 4.Bg2 Bg7 5.Nf3 d6 6.O-O Nge7
7.Rb1 Be6 8.d3 h6 9.b4 d5 10.cxd5 Nxd5 11.Nxd5 Bxd5 
12.a4 e4 13.Ne1 exd3 14.Bxd5 Qxd5 15.Qxd3 Qxd3 16.Nxd3
Nd4 17.Re1 O-O-O 18.Nc5 Rhe8 19.Kg2 Nc2 20.Rf1 Rxe2 21.Kg1 b6
22.Na6 Kb7 23.b5 c5 24.Bf4 g5 25.Bc7 Rd7 26.Bb8 Re8 27.Rbd1 Nd4
28.Kg2 Rxb8 29.Nxb8 Kxb8 30.Rfe1 Kc7 31.Re8 Kd6 32.Rc8 Kd5 33.Rc1
Bf6 34.h3 Kd6 35.Re1 Be5 36.Re8 Bf6 37.Rc8 Kd5 38.Rc1 Be5 39.f3
Nf5 40.Rd1+ Bd4 41.Re1 h5 42.Kh2 h4 43.gxh4 Nxh4 44.Rf1 Kc4 45.Kg3
Nf5+ 46.Kh2 Be5+ 47.Kg1 Rd2 48.Rc1+ Kb3 49.Kf1 Kb2 0-1

[Event "Fide Open"]
[Site "Voronezh"]
[Date "2018.06.12"]
[Round "1.7"]
[White "Garafutdinov, Ainur"]
[Black "Makarov, Anton"]
[Result "1-0"]
[WhiteElo "2122"]
[BlackElo "1787"]
[Annotator ""]
[Source ""]
[Remark ""]

1.e4 c6 2.d4 d5 3.Nc3 dxe4 4.Nxe4 Nd7 5.Bc4 Ngf6 6.Ng5 e6
7.Qe2 Nb6 8.Bb3 h6 9.N5f3 Bd6 10.Ne5 a5 11.c3 a4 12.Bc2 Bd7
13.Ngf3 c5 14.Be3 cxd4 15.Bxd4 Qc7 16.Rd1 Bc5 17.O-O a3 
18.b3 Bxd4 19.Nxd4 O-O 20.c4 Bc6 21.Nexc6 bxc6 22.Be4 Nxe4 
23.Qxe4 Rac8 24.Rd3 Rfd8 25.Rfd1 Rd7 26.g3 Rcd8
27.Nc2 Rxd3 28.Rxd3 Rxd3 29.Qxd3 1-0

[Event "Fide Open"]
[Site "Voronezh"]
[Date "2018.06.12"]
[Round "1.8"]
[White "Teryaeva, Valeria"]
[Black "Kolomensky, Vladimir"]
[Result "0-1"]
[WhiteElo "1787"]
[BlackElo "2120"]
[Annotator ""]
[Source ""]
[Remark ""]

1.e4 c5 2.c3 d5 3.exd5 Qxd5 4.d4 Nf6 5.Nf3 e6 6.Be2 cxd4
7.cxd4 Nc6 8.Nc3 Qd6 9.O-O Be7 10.h3 O-O 11.a3 b6 
12.Be3 Bb7 13.Rc1 Rac8 14.b4 Rfd8 15.Qb3 h6 16.Rfd1 Bf8
17.Bc4 Ne7 18.Nb5 Qb8 19.Ne5 Ned5 20.Qd3 a6 21.Nc3 Nxc3 22.Rxc3
b5 23.Ba2 Be4 24.Rxc8 Qxc8 25.Qe2 Qa8 26.f3 Bd5 27.Bb1 Bd6 28.Qd3
Be7 29.Rc1 Rc8 30.Rc3 Qb7 31.Qc2 Rxc3 32.Qxc3 Bd6 33.Qc2 Kf8
34.Qc3 Qc7 35.Qxc7 Bxc7 36.Kf2 Ke7 37.Bc2 Nd7 38.Nd3 a5 39.a4
bxa4 40.Bxa4 Nb6 41.Bb5 a4 42.Bc1 Bc4 43.Bxc4 Nxc4 44.Nb2 Nb6
45.Nd3 Kd6 46.Ke3 Kd5 47.Nc5 Kc4 48.g4 g6 49.h4 h5 50.gxh5 gxh5
51.Ke4 Bd6 52.f4 f5+ 53.Ke3 Nd5+ 54.Kf3 Bxc5 0-1

[Event "Fide Open"]
[Site "Voronezh"]
[Date "2018.06.12"]
[Round "1.9"]
[White "Beldyugin, Alexey"]
[Black "Stepanenko, Kirill"]
[Result "1-0"]
[WhiteElo "2113"]
[BlackElo "1784"]
[Annotator ""]
[Source ""]
[Remark ""]

1.c4 e5 2.g3 Nc6 3.Bg2 f5 4.Nc3 Nf6 5.d3 Bb4 6.Bd2 O-O
7.a3 Bxc3 8.Bxc3 d6 9.b4 Qe8 10.b5 Ne7 11.Nf3 Qh5 
12.Qd2 Nd7 13.Qg5 Qf7 14.Qd2 Nc5 15.Rb1 h6 16.Bb4 e4 17.Nd4
exd3 18.exd3 f4 19.O-O a6 20.Rfe1 fxg3 21.fxg3 Qf6 22.Bc3 Qf7
23.Qe2 Bg4 24.Qxg4 Qf2+ 25.Kh1 Nxd3 26.Rxe7 Qf6 27.Qe6+ 1-0

[Event "Fide Open"]
[Site "Voronezh"]
[Date "2018.06.12"]
[Round "1.10"]
[White "Kalashnikova, Elena"]
[Black "Khajrutdinov, Ildar"]
[Result "0-1"]
[WhiteElo "1774"]
[BlackElo "2106"]
[Annotator ""]
[Source ""]
[Remark ""]

1.e4 c5 2.Nf3 e6 3.g3 d6 4.Bg2 Nf6 5.Nc3 e5 6.O-O g6
7.d3 Bg7 8.Bg5 h6 9.Bxf6 Bxf6 10.Nd5 Bg7 11.Nd2
Nc6 12.c3 Ne7 13.Nxe7 Qxe7 14.f4 exf4 15.Rxf4 O-O 16.Nc4 Be6
17.Ne3 h5 18.Nd5 Bxd5 19.exd5 f5 20.Rf1 Qe3+ 21.Kh1 Rae8 22.Re1
Qf2 23.Rb1 Re5 24.Rf1 Qe3 25.Qa4 Re7 26.Qf4 Qxf4 27.Rxf4 Rfe8
28.Rff1 Re3 29.Bf3 Rxd3 30.Rbd1 Rxd1 31.Rxd1 b5 32.a3 a5 33.Rd2
Re1+ 34.Kg2 Rb1 35.Rc2 Be5 36.Be2 b4 37.axb4 axb4 38.cxb4 cxb4
39.Bd3 Rxb2 40.Rxb2 Bxb2 41.Bc2 Kg7 42.Kf3 Kf6 43.Ke3 Ke5 44.Bb3
Bd4+ 45.Kf3 Bg1 46.Kg2 Bb6 47.Kf3 Kd4 48.Kf4 Kc3 49.Bd1 Bd8 50.Bxh5
gxh5 51.Kxf5 b3 52.Ke6 b2 0-1

[Event "Fide Open"]
[Site "Voronezh"]
[Date "2018.06.12"]
[Round "1.11"]
[White "Lebedev, Mikhail S."]
[Black "Degtiarev, Viktor"]
[Result "1-0"]
[WhiteElo "2103"]
[BlackElo "1772"]
[Annotator ""]
[Source ""]
[Remark ""]

1.e4 c5 2.Nf3 d6 3.d4 cxd4 4.Nxd4 Nc6 5.Nc3 a6 6.Be3 Nf6
7.f3 g6 8.Qd2 Bg7 9.O-O-O O-O 10.Kb1 Bd7 11.g4 Rc8 12.h4 Qc7 
13.h5 Nxd4 14.Bxd4 Ne8 15.Bxg7 Kxg7 16.hxg6 Rh8 17.Qh6+ Kg8 
18.gxh7+ 1-0

[Event "Fide Open"]
[Site "Voronezh"]
[Date "2018.06.12"]
[Round "1.12"]
[White "Moshkin, Mikhail"]
[Black "Yakimenko, Alexander A."]
[Result "0-1"]
[WhiteElo "1766"]
[BlackElo "2094"]
[Annotator ""]
[Source ""]
[Remark ""]

1.e4 e5 2.Nf3 Nc6 3.Nc3 Nf6 4.Bb5 Bc5 5.Nxe5 Nxe5 6.d4 c6
7.Be2 Bb4 8.dxe5 Nxe4 9.Bd2 Nxd2 10.Qxd2 Qa5 11.a3 O-O 12.O-O
Bxc3 13.Qxc3 Qxc3 14.bxc3 Re8 15.f4 d6 16.Bc4 dxe5 17.fxe5 Be6
18.Bd3 Rad8 19.Rab1 b6 20.Rf4 g6 21.Ra4 Rd7 22.h3 Bd5 23.c4 Be6
24.Kh2 Rc7 25.Rab4 c5 26.R4b3 Bd7 27.Re1 Ba4 28.Rbb1 Rce7 29.Rf1
Rxe5 30.Rf6 R8e6 31.Rf4 Re1 32.Rf1 Rxb1 33.Rxb1 Re3 34.Kg1 f5
35.Kf2 f4 36.Rf1 Kg7 37.Kg1 g5 38.Kh2 h6 39.Kg1 Kf6 40.Kf2 Ke5
41.Re1 Kd4 42.Rxe3 fxe3+ 43.Ke2 Kc3 44.Kxe3 Bxc2 45.Bxc2 Kxc2
46.Ke4 Kc3 47.Kf5 Kxc4 48.Kg6 Kd3 49.Kxh6 c4 50.Kxg5 c3 51.h4
c2 0-1

[Event "Fide Open"]
[Site "Voronezh"]
[Date "2018.06.12"]
[Round "1.13"]
[White "Abramov, Ilya"]
[Black "Maraktanov, Andrey"]
[Result "0-1"]
[WhiteElo "2089"]
[BlackElo "1763"]
[Annotator ""]
[Source ""]
[Remark ""]

1.f4 d5 2.d3 c5 3.Nf3 Nc6 4.g3 Bg4 5.Bg2 Nf6 6.O-O e6
7.Qe1 Bxf3 8.Bxf3 Nd4 9.Na3 Nxf3+ 10.Rxf3 Be7 11.c3
O-O 12.e4 dxe4 13.dxe4 a6 14.Nc4 b5 15.Ne5 Qc7 16.Nd3 Rad8 
17.Nf2 Rd7 18.Rd3 Rxd3 19.Nxd3 Rd8 20.Nf2 Qc6 21.Kg2 c4 
22.Kf3 Bc5 23.Be3 Rd3 24.Rd1 Rxe3+ 25.Qxe3 Bxe3 0-1

[Event "Fide Open"]
[Site "Voronezh"]
[Date "2018.06.12"]
[Round "1.14"]
[White "Astakhov, Alexander"]
[Black "Ioffe, Evgeny"]
[Result "0-1"]
[WhiteElo "1762"]
[BlackElo "2079"]
[Annotator ""]
[Source ""]
[Remark ""]

1.e4 e5 2.Nf3 Nc6 3.Bc4 Bc5 4.O-O Nf6 5.d3 d6 6.h3 h6
7.Be3 Bb6 8.c3 O-O 9.Nbd2 Re8 10.Re1 Be6 11.Bxe6
Rxe6 12.Nc4 d5 13.exd5 Qxd5 14.Bxb6 axb6 15.Ne3
Qd7 16.Nc4 Rae8 17.Qc2 Nd5 18.Kh1 Nf4 19.Rad1 Qe7 20.b4 b5 21.Ne3
Qf6 22.Rg1 Nxh3 23.Nd5 Qd8 24.Nxc7 Qxc7 25.gxh3 Nxb4 26.Qb3 Qc6
27.Qxb4 Qxf3+ 28.Kh2 Qxf2+ 29.Rg2 Qf4+ 30.Qxf4 exf4 0-1

[Event "FIDE Open"]
[Site "Voronezh"]
[Date "2018.06.12"]
[Round "1.15"]
[White "Markevich, Arseniy"]
[Black "Knyazev, Pavel"]
[Result "1/2-1/2"]
[WhiteElo "2076"]
[BlackElo "1762"]
[Annotator ""]
[Source ""]
[Remark ""]

1.d4 Nf6 2.Nc3 g6 3.e4 d6 4.Bg5 Bg7 5.Qd2 Nbd7 6.Bc4 O-O 7.Bh6
e5 8.Nf3 exd4 9.Nxd4 Ne5 10.Bb3 a6 11.h4 c5 12.Nf3 b5 13.Bd5
Nxd5 14.Nxd5 Bb7 15.Nxe5 dxe5 16.O-O-O Bxd5 17.Bxg7 Kxg7 18.Qc3
Qf6 19.Rxd5 Rfe8 20.Qxc5 Rac8 21.Qe3 Qc6 22.Rd2 Red8 23.Rhd1
Rd4 24.f3 Rc4 25.Qd3 Qe6 26.Qd6 Qxd6 27.Rxd6 Rxc2+ 28.Kb1 Rxg2
29.Rc1 Rxc1+ 30.Kxc1 Rf2 31.Rxa6 Rxf3 32.Rb6 Re3 33.Rxb5 Rxe4
34.b4 f5 35.Rb7+ Kf6 36.Rb8 f4 37.Kd2 f3 38.Kd3 Re2 39.a4 e4+
40.Kd4 f2 41.a5 Ke6 42.Rf8 Ke7 43.Rf4 h6 44.a6 Rb2 45.Ke3 Rxb4
46.Kxf2 Ra4 47.Ke3 Rxa6 48.Rxe4+ Kf7 49.Rf4+ Kg7 50.Ke4 g5 51.hxg5
hxg5 52.Rf5 Kg6 53.Rf8 Kh5 54.Kf3 Ra3+ 55.Kg2 Kg4 56.Rf2 Kh4
57.Re2 g4 58.Rd2 1/2-1/2

[Event "FIDE Open"]
[Site "Voronezh"]
[Date "2018.06.12"]
[Round "1.16"]
[White "Aloyan, Mikhail"]
[Black "Bobkov, Vadim"]
[Result "0-1"]
[WhiteElo "1759"]
[BlackElo "2058"]
[Annotator ""]
[Source ""]
[Remark ""]

1.e4 c5 2.c3 d5 3.exd5 Qxd5 4.d4 Nc6 5.Nf3 Bg4 6.Be2 cxd4 7.cxd4
e6 8.O-O Nf6 9.Nc3 Qa5 10.Qb3 Qb4 11.Qxb4 Bxb4 12.h3 Bh5 13.Bg5
Bxc3 14.bxc3 Ne4 15.g4 Nxc3 16.Bc4 Bg6 17.Rac1 Nd5 18.Bb5 f6
19.Bd2 Be4 20.Kg2 Nde7 21.Bc4 Nxd4 0-1

[Event "FIDE Open"]
[Site "Voronezh"]
[Date "2018.06.12"]
[Round "1.17"]
[White "Fadin, Evgeny"]
[Black "Khanin, Alexandr"]
[Result "1-0"]
[WhiteElo "2056"]
[BlackElo "1744"]
[Annotator ""]
[Source ""]
[Remark ""]

1.Nf3 Nf6 2.c4 e6 3.g3 d5 4.Bg2 c6 5.O-O Bd6 6.b3 O-O 7.Bb2 Nbd7
8.d3 Re8 9.Qc2 b6 10.Rd1 c5 11.e4 Qc7 12.Re1 dxe4 13.dxe4 Ne5
14.Nfd2 Nfd7 15.f4 Nc6 16.e5 Bf8 17.Ne4 Bb7 18.Nbd2 Rad8 19.Nf3
Ndb8 20.Nfg5 f5 21.exf6 Nb4 22.Qe2 Rd7 23.f7+ Rxf7 24.Nxf7 Qxf7
25.Ng5 Qe7 26.Bxb7 Qxb7 27.Nxh7 Kxh7 28.Qh5+ Kg8 29.Qxe8 Nd3
30.Qxe6+ Kh8 1-0

[Event "FIDE Open"]
[Site "Voronezh"]
[Date "2018.06.12"]
[Round "1.18"]
[White "Savoskin, Vladimir"]
[Black "Bitkinin, Lenar"]
[Result "0-1"]
[WhiteElo "1743"]
[BlackElo "2055"]
[Annotator ""]
[Source ""]
[Remark ""]

1.b3 Nf6 2.Bb2 e6 3.e3 b6 4.Nf3 Bb7 5.Be2 d6 6.O-O Nbd7 7.d4
Be7 8.Nbd2 O-O 9.c4 c5 10.Qc2 Qc7 11.e4 cxd4 12.Nxd4 Rac8 13.Rac1
Nc5 14.f3 Rfd8 15.Rfd1 Qb8 16.Qb1 Nh5 17.Bf1 Bg5 18.Rc3 d5 19.cxd5
exd5 20.exd5 Rxd5 21.Ne4 Bf4 22.g3 Nxe4 23.Rxc8+ Qxc8 24.fxe4
Be3+ 25.Kg2 Qg4 26.Kh1 Nxg3+ 27.hxg3 Rh5+ 28.Kg2 Bxe4+ 29.Qxe4
Qxe4+ 30.Nf3 Qc2+ 0-1

[Event "FIDE Open"]
[Site "Voronezh"]
[Date "2018.06.12"]
[Round "1.19"]
[White "Lilov, Aleksandr"]
[Black "Koshelev, Vladimir"]
[Result "0-1"]
[WhiteElo "2046"]
[BlackElo "1741"]
[Annotator ""]
[Source ""]
[Remark ""]

1.e4 c5 2.Nf3 e6 3.d4 cxd4 4.Nxd4 a6 5.Nc3 Qc7 6.Bd3 Bc5 7.Be3
Nf6 8.O-O d6 9.Qf3 Nc6 10.Nxc6 Qxc6 11.Bxc5 Qxc5 12.Rad1 O-O
13.Rfe1 Qe5 14.Qe3 Ng4 15.Qh3 Qf4 16.Re2 Ne5 17.Re3 b5 18.Be2
Nc4 19.Rf3 Qe5 20.b3 Nb6 21.Rfd3 d5 22.Qe3 b4 23.Nxd5 Nxd5 24.exd5
Qxe3 25.Rxe3 exd5 26.Rxd5 a5 27.Bb5 Be6 28.Rc5 Rfd8 29.Rd3 g6
30.Kf1 Rdc8 31.Rxc8+ Rxc8 32.Rd2 Rc5 33.Bd3 Bd5 34.f3 f5 35.Ke2
f4 36.Ba6 Bc6 37.Bc4+ Kg7 38.Rd4 g5 39.Kd2 Bb5 40.Kd3 Bc6 41.Rd6
Be8 42.Kd4 Rc8 43.Rd5 a4 44.Rxg5+ Kf6 45.Rc5 Rd8+ 46.Rd5 Ra8
47.Bd3 Bg6 48.Bxg6 hxg6 49.Kc4 axb3 50.axb3 Rb8 51.g3 Rc8+ 52.Rc5
Rb8 53.gxf4 Rb7 54.h4 Rh7 55.Kxb4 Rxh4 56.Rc4 Rh3 57.Kc5 Rxf3
58.b4 Kf5 59.b5 Ra3 60.b6 0-1

[Event "FIDE Open"]
[Site "Voronezh"]
[Date "2018.06.12"]
[Round "1.20"]
[White "Pikalova, Sofya"]
[Black "Selensky, Andrey"]
[Result "0-1"]
[WhiteElo "1739"]
[BlackElo "2040"]
[Annotator ""]
[Source ""]
[Remark ""]

1.Nf3 d5 2.d4 Nf6 3.e3 e6 4.c4 Be7 5.Nc3 O-O 6.b3 b6 7.Bd3 Bb7
8.O-O Ne4 9.Qc2 f5 10.Ne5 Nd7 11.f3 Nxe5 12.dxe5 Nxc3 13.Qxc3
Bc5 14.b4 d4 15.Qb3 Be7 16.Rd1 c5 17.a3 Qc7 18.exd4 cxd4 19.f4
Rad8 20.Bb2 Qc6 21.Bf1 Qe4 22.Qg3 a5 23.b5 d3 24.Bxd3 Rxd3 25.Rxd3
Bh4 26.Qf3 Qxc4 27.Qf1 Qxb5 28.Bd4 Rd8 29.Rdd1 Qb3 30.Rdb1 Qa4
31.Bxb6 Rd2 0-1

[Event "FIDE Open"]
[Site "Voronezh"]
[Date "2018.06.12"]
[Round "1.21"]
[White "Katyshkina, Anastasia"]
[Black "Kuzmin, Vitaly"]
[Result "1/2-1/2"]
[WhiteElo "2035"]
[BlackElo "1738"]
[Annotator ""]
[Source ""]
[Remark ""]

1.e4 c6 2.d4 d5 3.exd5 cxd5 4.Bd3 Nf6 5.h3 e6 6.Nf3 Be7 7.O-O
O-O 8.c3 b6 9.Bf4 Ba6 10.Ne5 Bxd3 11.Qxd3 Nfd7 12.Nf3 Nc6 13.Nbd2
Nf6 14.Rfe1 h6 15.Rac1 a6 16.a3 b5 17.Qe2 Rc8 18.Nf1 Ne4 19.Ng3
Nxg3 20.Bxg3 Na5 21.Ne5 Nc4 22.Nd3 Qb6 23.Qg4 Bd6 24.Bxd6 Qxd6
25.Rc2 Qd8 26.Nc5 Rc6 27.Rce2 Qc8 28.b3 Nd6 29.b4 Nb7 30.Re3
Nd6 31.Qf4 Nc4 32.Rg3 Kh7 33.a4 Nd6 34.a5 Nf5 35.Rd3 Ne7 36.h4
Qb8 37.Qf3 Qd8 38.Qg3 Nf5 39.Qe5 Nxh4 40.Rh3 Ng6 41.Qg3 Qc8 1/2-1/2

[Event "FIDE Open"]
[Site "Voronezh"]
[Date "2018.06.12"]
[Round "1.22"]
[White "Strukov, Dmitry"]
[Black "Martyntsev, Roman"]
[Result "0-1"]
[WhiteElo "1737"]
[BlackElo "2035"]
[Annotator ""]
[Source ""]
[Remark ""]

1.e4 c5 2.Nf3 Nc6 3.Bb5 g6 4.O-O Bg7 5.c3 e5 6.Bxc6 dxc6 7.Na3
Be6 8.Qe2 Ne7 9.Nc2 O-O 10.Rd1 Qc7 11.d3 Rad8 12.Be3 b6 13.b3
h6 14.Rac1 f5 15.exf5 gxf5 16.d4 e4 17.Ne5 Bxe5 18.dxe5 Rxd1+
19.Rxd1 f4 20.Bc1 Qxe5 21.c4 f3 22.gxf3 Bh3 23.Kh1 Bg2+ 24.Kg1
Bxf3 0-1

[Event "FIDE Open"]
[Site "Voronezh"]
[Date "2018.06.12"]
[Round "1.23"]
[White "Ilyina, Lada"]
[Black "Rubtsov, Victor"]
[Result "1/2-1/2"]
[WhiteElo "2031"]
[BlackElo "1735"]
[Annotator ""]
[Source ""]
[Remark ""]

1.e4 c6 2.d4 d5 3.e5 c5 4.Nc3 Nc6 5.Bb5 e6 6.f4 Bd7 7.Nf3 Nge7
8.Be3 Nf5 9.Bf2 cxd4 10.Nxd4 Nfxd4 11.Bxd4 Bb4 12.Bxc6 Bxc6 13.Qg4
O-O 14.O-O-O a5 15.Ne2 Be7 16.Ng3 f5 17.exf6 Bxf6 18.Qxe6+ Kh8
19.Nh5 Bxd4 20.Rxd4 Qh4 21.Qe5 Qg4 22.Ng3 Rae8 23.Qc7 a4 24.Rhd1
Qh4 25.Nf1 Qf2 26.g3 Bb5 27.R4d2 Qf3 28.Qb6 Be2 29.Rxe2 Rxe2
30.Qxb7 Qf2 31.Nd2 Rfe8 32.Qxd5 Re1 33.c3 Rxd1+ 34.Kxd1 Qxh2
35.Qd3 Qg1+ 36.Kc2 Qb6 37.g4 Rd8 38.Qf3 Rb8 39.Nc4 Qb5 40.Qd3
Rf8 41.f5 Qc6 42.Nd2 h6 43.Nf3 Rb8 44.Nd2 Qb7 45.b3 axb3+ 46.axb3
Ra8 47.c4 Qb4 48.Kd1 Qe7 49.Qe4 Ra1+ 50.Ke2 Qd8 51.c5 Qh4 52.Qe8+
Kh7 1/2-1/2

[Event "FIDE Open"]
[Site "Voronezh"]
[Date "2018.06.12"]
[Round "1.24"]
[White "Korolkov, Alexander"]
[Black "Kitaev, Roman"]
[Result "0-1"]
[WhiteElo "1734"]
[BlackElo "2031"]
[Annotator ""]
[Source ""]
[Remark ""]

1.c4 c6 2.Nc3 d5 3.cxd5 cxd5 4.d4 Nf6 5.Nf3 g6 6.Bf4 Bg7 7.e3
O-O 8.Bd3 a6 9.h3 Nc6 10.O-O b5 11.a3 Bb7 12.Rc1 Rc8 13.b4 e6
14.Nd2 Nd7 15.Nb3 e5 16.dxe5 Ndxe5 17.Ne2 Nc4 18.Bxc4 dxc4 19.Nbd4
Ne5 20.Rc3 Nd3 21.Bg3 Qd5 22.f3 Rfd8 23.Nf4 0-1

[Event "FIDE Open"]
[Site "Voronezh"]
[Date "2018.06.12"]
[Round "1.25"]
[White "Koshevarov, Alexander"]
[Black "Granovskaya, Ekaterina"]
[Result "1-0"]
[WhiteElo "2030"]
[BlackElo "1731"]
[Annotator ""]
[Source ""]
[Remark ""]

1.e4 e5 2.Nf3 Nc6 3.Bb5 a6 4.Ba4 Nge7 5.O-O g6 6.d4 exd4 7.Nxd4
Bg7 8.c3 O-O 9.Bg5 h6 10.Nxc6 bxc6 11.Bh4 g5 12.Bg3 d6 13.f4
gxf4 14.Bxf4 Qd7 15.Nd2 Qg4 16.Qe1 Bb7 17.Bd1 Qd7 18.Qe3 Kh7
19.Rf3 Ng6 20.Bc2 Rh8 21.Raf1 Raf8 22.Rh3 Kg8 23.Rg3 Qe6 24.Bb3
d5 25.Qa7 Qc8 26.Qe3 Qe6 27.Bxc7 Qd7 28.Bb6 1-0

[Event "FIDE Open"]
[Site "Voronezh"]
[Date "2018.06.12"]
[Round "1.26"]
[White "Efendieva, Alina"]
[Black "Bruyatskaya, Mariya"]
[Result "0-1"]
[WhiteElo "1727"]
[BlackElo "2026"]
[Annotator ""]
[Source ""]
[Remark ""]

1.e4 c6 2.d4 d5 3.Nc3 dxe4 4.Nxe4 Nf6 5.Nxf6+ exf6 6.Be3 Bd6
7.Bd3 Be6 8.c3 Nd7 9.Ne2 Qc7 10.Qc2 g6 11.f3 h5 12.g3 h4 13.g4
O-O-O 14.Ng1 Rde8 15.Qd2 Bd5 16.c4 Bf4 17.Ne2 Bxe3 18.Qc3 Bxf3
19.Rf1 Bg2 20.Rf5 gxf5 21.Bxf5 Qxh2 22.Bxd7+ Kxd7 23.Qxe3 Qh1+
24.Ng1 Qxg1+ 25.Ke2 Qf2+ 26.Kd1 Bf3+ 0-1

[Event "FIDE Open"]
[Site "Voronezh"]
[Date "2018.06.12"]
[Round "1.27"]
[White "Kutyanina, Mariya"]
[Black "Sushkov, Mikhail"]
[Result "1-0"]
[WhiteElo "2021"]
[BlackElo "1727"]
[Annotator ""]
[Source ""]
[Remark ""]

1.e4 e6 2.d3 d5 3.Nd2 c5 4.g3 Nc6 5.Bg2 Nf6 6.Ngf3 Be7 7.O-O
O-O 8.Qe2 Re8 9.Re1 Qc7 10.e5 Nd7 11.Nf1 f6 12.Bf4 fxe5 13.Nxe5
Ndxe5 14.Bxe5 Nxe5 15.Qxe5 Qxe5 16.Rxe5 Bd7 17.Rae1 Bf6 18.R5e2
Kf7 19.Bh3 b5 20.Ne3 Bc6 21.c3 d4 22.Ng4 Bd5 23.Ne5+ Bxe5 24.Rxe5
dxc3 25.bxc3 c4 26.d4 a5 27.f4 g6 28.Rb1 b4 29.f5 gxf5 30.Bxf5
exf5 31.Rxd5 Kg6 32.Rc5 Rec8 33.cxb4 axb4 34.Rxb4 Rd8 35.Rcxc4
Rxa2 36.Rb7 Rd6 37.h4 Rd2 38.Rcc7 R2xd4 39.Rg7+ Kf6 40.Rbf7+
Ke6 41.Re7+ Kf6 42.Rxh7 Rd1+ 43.Kf2 R1d2+ 44.Re2 Kg6 45.Rhe7
Rxe2+ 46.Kxe2 Kf6 47.Re3 Ra6 48.Kf3 Ra4 49.Rb3 Rc4 50.Rb6+ Ke5
51.Rb5+ Kf6 52.Rb3 Ra4 53.Rd3 Rb4 54.Ra3 Rc4 55.Ra6+ Ke5 56.h5
Rc3+ 57.Kg2 Rc8 58.Kh3 Rc3 59.h6 Rc7 60.Kh4 Rc4+ 61.Kh5 Rg4 62.Rg6
Ra4 63.h7 1-0

[Event "FIDE Open"]
[Site "Voronezh"]
[Date "2018.06.12"]
[Round "1.28"]
[White "Krekoten, Vladimir"]
[Black "Katkov, Vitaly"]
[Result "0-1"]
[WhiteElo "1718"]
[BlackElo "2018"]
[Annotator ""]
[Source ""]
[Remark ""]

1.e4 c5 2.Nf3 d6 3.d4 Nf6 4.Nc3 cxd4 5.Nxd4 a6 6.a4 Nc6 7.Be2
g6 8.Be3 Bg7 9.O-O O-O 10.Nb3 Be6 11.f4 Rc8 12.Bf3 Bc4 13.Rf2
b5 14.Rd2 b4 15.Ne2 Qc7 16.a5 Bxb3 17.Bb6 Bxc2 18.Rxc2 Qb8 19.Rac1
Na7 20.Rc7 Rxc7 21.Rxc7 Nc8 22.e5 dxe5 23.fxe5 Nxb6 24.Rb7 Qxe5
25.axb6 Qe3+ 26.Kh1 e5 27.Qc1 Bh6 28.Qxe3 Bxe3 29.g3 e4 30.Bg2
Rd8 31.h3 Kg7 32.Nf4 Rd1+ 33.Kh2 Bg1+ 34.Kh1 Bxb6+ 35.Kh2 0-1

[Event "FIDE Open"]
[Site "Voronezh"]
[Date "2018.06.12"]
[Round "1.29"]
[White "Zisin, Oleg"]
[Black "Mikheeva, Galina"]
[Result "0-1"]
[WhiteElo "2012"]
[BlackElo "1716"]
[Annotator ""]
[Source ""]
[Remark ""]

1.e4 e5 2.Nf3 Nc6 3.Bb5 Nd4 4.Nxd4 exd4 5.O-O Bc5 6.d3 c6 7.Bc4
d5 8.exd5 cxd5 9.Qh5 Nf6 10.Bb5+ Kf8 11.Qh4 Qa5 12.c4 a6 13.Bd2
Qb6 14.b4 Be7 15.Ba4 dxc4 16.dxc4 Bxb4 17.Bb3 Be7 18.Re1 Be6
19.Bg5 Rc8 20.Nd2 Qc5 21.Nf3 d3 22.Rad1 Rd8 23.Re3 d2 24.Rxd2
Rxd2 25.Nxd2 Ng4 26.Rxe6 Bxg5 27.Qxg4 fxe6 28.Nf3 Bf6 29.Qxe6
Qc6 30.Qf5 g6 31.Qf4 Kg7 32.c5 Qxc5 33.h4 Rc8 34.Qe4 Qe7 35.Qg4
Rc1+ 36.Kh2 h5 37.Qa4 Qd6+ 38.g3 Qc6 39.Qf4 Qc7 40.Qe4 Qe7 41.Qf4
Rc7 42.Kg2 Rd7 43.Qc4 Rd8 44.Kh2 Qd7 45.Kg2 b5 46.Qe4 Re8 47.Qf4
a5 48.a4 b4 49.Qc4 Rc8 50.Qe4 Rc3 51.Be6 Qe7 52.Nd2 b3 53.Nc4
Qc7 54.Bd5 Qe7 55.Be6 Qb4 56.Qd5 b2 57.Bg8 Qf8 58.Nxb2 Qxg8 0-1